000 00669cam a2200229 4500
001 M91699
008 090401t1997 xxu||||| |||| 00| 0 eng d
035 _a(Sirsi) u99419
041 _aeng
110 _aRoyal Institution of Chartered Surveyors
_94900
245 _aCoalfields task force.
260 _aLondon
_bRICS
_c1997
300 _a4p. ; 30cm.
350 _a0
490 _aRICS Policy Unit Submission
_vPU/SUB/104
520 _aComments from the RICS. Available on the Internet at http://www.rics.org.uk/parliament/
650 _aCOALFIELDS TASK FORCE
650 _aREGENERATION
690 _aMINING AND MINERALS
942 _n0
948 _c14/05/1998
999 _c99326
_d99326